| 000 | 00421nam a22001457a 4500 | ||
|---|---|---|---|
| 005 | 20240131172818.0 | ||
| 008 | 160330b xxu||||| |||| 00| 0 eng d | ||
| 022 | _a0537-1988 | ||
| 245 | _aThe indian journal of english studies | ||
| 260 |
_aTelangana _bDepartment of English |
||
| 270 |
_aKakatiya University,Warangal, _bTelangana _dIndia _e506009 |
||
| 300 |
_av. : _c22cm. |
||
| 310 | _aYearly | ||
| 942 |
_2ddc _cSR _s1 _mKAK |
||
| 999 |
_c99705 _d99705 |
||